000 00492nam a2200217Ia 4500
999 _c47315
_d47315
001 14176
003 GE_BSU
005 20221124113809.0
008 181216s2006||||enk|||||||||||||| ||eng||
020 _a9780099406310x
040 _cGE_BSU
041 _aeng
080 _a821.111-311.6 H-30
100 _aHarris, Robert
_916028
245 _aImperium /
_cRobert Harris.
260 _aLondon
260 _bArrow books
260 _c2006
300 _a479 p.;
_b18 cm.
942 _cBK
_2udc